| 000 | 02080cam a22004934i 4500 | ||
|---|---|---|---|
| 003 | PE-LiUPU | ||
| 005 | 20250731184552.0 | ||
| 008 | 150616s r 000 0 d | ||
| 035 | _a(Sirsi) a3442 | ||
| 040 |
_aPE-LiUPU _bspa _cPE-LiUPU _erda |
||
| 049 | _aPRUA | ||
| 082 | 0 | 4 |
_a985.04 _bP471a _221 |
| 110 | 2 | _aPerú. Comisión Nacional del Sesquicentenario de la Independencia del Perú | |
| 245 | 1 | 0 |
_aAntología de la Independencia del Perú / _cComisión Nacional del Sesquicentenario de la Independencia del Perú ; edición preparada por Félix Denegri, Armando Nieto Vélez, S.J. y Alberto Tauro ; colaboración de Luis Durand Flores. |
| 264 | 1 |
_aLima : _bColegio Militar Leoncio Prado, _c1972. |
|
| 300 |
_a682 páginas : _bilustraciones, mapas, fotos, láminas ; _c24 centímetros. |
||
| 336 |
_atext _2rdacontent |
||
| 337 |
_aunmediated _2rdamedia |
||
| 338 |
_avolume _2rdacarrier |
||
| 504 | _aIncluye referencias bibliográficas e índice. | ||
| 505 | 0 | _aNota preliminar, Túpac Amaru (1780) -- La revolución del Cuzco -- Los patriotas peruanos hasta la llegada de la expedición libertadora -- Las partidas de guerrillas patriotas -- Proclamación de la jura de la independencia -- Símbolos de la patria -- El Congreso Constituyente y la junta gubernativa. | |
| 526 | _aP136 | ||
| 526 | _aP135 | ||
| 526 | _aP134 | ||
| 526 | _aP133 | ||
| 526 | _aP144 | ||
| 526 | _aP143 | ||
| 526 | _aP87 | ||
| 526 | _aP35 | ||
| 526 | _aP20 | ||
| 526 | _aP14 | ||
| 526 | _aP10 | ||
| 526 | _aP06 | ||
| 651 | 4 |
_aPerú _xHistoria _yEmancipación, 1808-1824 _vAniversarios, etc. |
|
| 700 | 1 |
_aDenegri Luna, Félix, _d1919-1998 |
|
| 700 | 1 | _aTauro, Alberto1914-1994 | |
| 700 | 1 | _aNieto Vélez, Armando, S.J.1931- | |
| 700 | 1 | _aDurand Flórez, José1925-1990. | |
| 910 | _ajck | ||
| 942 |
_2ddc _cBK |
||
| 949 |
_a985.04 C73 _wDEWEY _c1 _i36176 _lCCODEBUL1 _mBUL _p00.00 _r0 _sY _tBOOK _u19940815 _xEDUCACION _0COMPRA _o.STAFF. Colección General |
||
| 999 |
_c42274 _d42274 |
||
| 980 |
_81 _gALBERTO SANCHEZ Responsable de Automatización |
||